000 00667nam a2200289Ia 4500
005 20260324142528.0
008 008 260324s9999 xx 000 0 eng d
020 _a9780203773383
037 _aEBOOK
040 _aCRL
040 _beng
040 _cCRL
041 _2eng
041 _aeng
084 _qCRL
100 _aStephen Slade
_91209224
245 0 _aGoal-based Decision Making
245 3 _bAn Interpersonal Model
260 _bTaylor and Francis
260 _c1994
365 _a
365 _b230
856 _uhttp://www.taylorfrancis.com/books/9780203773383
942 _cEBOOK
999 _c1816576
_d1816576